000 00698nam a2200253Ia 4500
003 OSt
005 20220925215500.0
006 a|||||r|||| 00| 0
007 ta
008 220923b |||||||| |||| 00| 0 eng d
037 _cGeneral Book
040 _aRTL
_cRTL
_beng
041 _2eng
_aeng
082 _aX:97D, J2;K8
100 _aFlanders Allan
_9151725
245 0 _aTrade unions
250 _aEd7th
260 _aLondon
_bHulehinson
_c1968
300 _a212p Appendix p 177-201
_ccm.
490 _aHutchinson University Library, Publication
650 _aTrade Union
_9255115
942 _hX:97D, J2;K8
_cGB
_2CC
999 _c568892
_d568892